000 00438cam a2200181ua 4500
020 _c12.00
041 _aeng
_h
082 _a823.308
_bDIC/TA
100 _aDickens, Charles .
245 _aTale of two cities /
_cCharles Dickens.
_hTextual Documents
260 _aLondon :
_bBlackie & Son Ltd ,
_c1956.
300 _a324 ; .
365 _a12.00
504 _a
942 _cBK
999 _c6923
_d6923